| 000 | 00801nam a2200205Ia 4500 | ||
|---|---|---|---|
| 003 | GCL | ||
| 008 | 140319s9999 xx 000 0 ara d | ||
| 040 |
_aGCL / _cGCL |
||
| 082 | 0 | 4 |
_a956 _bا ش |
| 100 | 1 | _aمجموعة من الباحثين | |
| 245 | 1 | 0 |
_aالشرق اوسطية مخطط امريكى صهيونى دراسات حول مخاطر التصنيع والعمل العربى فى المواجهة / _cمجموعة من الباحثين |
| 300 | _a310 ص | ||
| 490 |
_aالهيئة العامة للاستعلامات _v0 |
||
| 650 | 0 | 4 | _aالعلاقات الخارجية |
| 650 | 0 | 4 | _aالعلوم السياسية |
| 650 | 0 | 4 | _aالقوى العظمى |
| 650 | 0 | 4 | _aالشرق الاوسط - الاقتصاد |
| 650 | 0 | 4 | _aالشرق الاوسط - تاريخ |
| 942 |
_2ddc _cBK |
||
| 999 |
_c51820 _d51820 |
||